Rock album 1991 - Statistics

General Stats
  • This quiz has been taken 9 times
  • The average score is 6 of 16
Answer Stats
Picture Answer % Correct
Ten
100%
Nevermind
88%
Blood Sugar Sex Magik
75%
Metallica
75%
Innuendo
50%
Badmotorfinger
38%
Dangerous
38%
Out Of Time
38%
Temple of the Dog
25%
Use your illusions I & II
25%
On every street
13%
Screamadelica
13%
Slave to the grind
13%
We can't dance
13%
Atchung baby
0%
Blue Lines
0%
No matching quizzes found
Score Distribution
Percent of People with Each Score
Percentile by Number Answered
Your Score History
You have not taken this quiz